00312nam a2200109Ia 4500008004100000020001500041040002900056050002500085100001400110245003900124260003900163221221s9999 xx 000 0 und d a9966964924 cChuka University Library aBSL HF 5381bO9 1996 aOwino,M.O 2aA simplified guide on career study aPavement publishersbNairobic1996